Účtovné zobrazenie vlastného imanian v obchodnej spoločnosti diplomová práca

Saved in:
Bibliographic Details
Main Author: Lipták, Marek
Corporate Author: Fakulta hospodárskej informatiky EU. Katedra účtovníctva a audítorstva
Other Authors: Mateášová, Martina, 1979-
Format: Book
Language:Slovak
Published: Bratislava 2008
Tags: Add Tag
No Tags, Be the first to tag this record!

MARC

LEADER 00000nam$a2200000$$$4500
001 0085026
005 20240201120558.4
041 0 |a slo 
044 |a SK 
245 1 0 |a Účtovné zobrazenie vlastného imanian v obchodnej spoločnosti  |b diplomová práca  |c Marek Lipták ; škol. Martina Mateášová 
264 1 |a Bratislava  |c 2008 
300 |a 73 s. 
100 1 |a Lipták, Marek 
700 1 |a Mateášová, Martina, 1979- 
710 2 |a Fakulta hospodárskej informatiky EU. Katedra účtovníctva a audítorstva